000 01138nam a2200313 i 4500
003 EG-GICUC
005 20260417132356.0
008 260417s1899 gv ||||fr|||| 000 0 FRE d
040 _aEG-GiCUC
_bfre
_cEG-GiCUC
_dEG-GiCUC
_eRda
041 0 _afre
082 0 4 _221
_a343.10493
_bN Y . C
092 0 4 _221
099 _aLaw 10 343.10493 N Y . C 1899
100 1 _aNypels, J.-S.-G.
_eAuteur
245 1 3 _aLe Code Pénal Belge Interprété Principalement AU Point De Vue De La Pratique.
_nTome Iii,
_pArt. 398 à 490 /
_cPAR J.-S.-G. Nypels.
250 _aNouvelle édition.
_bMise AU Courant De La Doctrine Et De La Jurisprudence
264 1 _aBruxelles :
_bBruylant-christophe & C, Éditeurs,
_c1899.
300 _a636 page;
_c 24 cm.
336 _2rda contenu
_a texte
337 _2rda medias
_aOrdinateur
338 _2 transporteur rda
_a Ressource en ligne
650 1 _aDroit Pénal Général
_yBelgique
_2qrmak
650 1 _aDroit Do Pénal
_zqrmak
651 1 _2qrmak
700 1 _aSERVAIS. J.
_eContributeur
856 4 0 _uhttps://fll.law.cu.edu.eg/fulltext/bks/B10-09568.pdf
905 _a54
942 _2ddc
_cBK
_e21
_n0
999 _c71542
_d71542